000 00658nam a2200241Ia 4500
003 OSt
005 20220918202053.0
006 a|||||r|||| 00| 0
007 ta
008 220917b |||||||| |||| 00| 0 eng d
024 _a98,528
037 _cTextual
040 _aARTS
_cARTS
_beng
041 _2eng
_aeng
082 _aV2:51.M57, N2
100 _aTaylor P J O
_998920
245 0 _aChronicles of the mutiny and other historical sketches
260 _aNew Delhi
_bHarper Collins Publications
_c1992
300 _a184p.
_ccm.
650 _aHISTORY
942 _hV2:51.M57, N2
_cTEXL
_2CC
999 _c222119
_d222119